[Event "Lvov Winter Cup"]
[Site "Lvov"]
[Date "2016.02.06"]
[Round "3"]
[White "Vakulenko, Aleksandr"]
[Black "Buturin, Vladimir"]
[Result "0-1"]
[WhiteElo "1522"]
[BlackElo "2181"]
[PlyCount "52"]
[EventDate "2016.02.05"]
[EventType "swiss"]
[EventRounds "7"]
[EventCountry "UKR"]
[SourceTitle "EXT 2017"]
[Source "ChessBase"]
[SourceDate "2016.10.25"]
[SourceVersion "1"]
[SourceVersionDate "2016.10.25"]
[SourceQuality "1"]

1. e4 d6 2. d4 Nf6 3. Nc3 c6 4. Nf3 Bg4 5. Be2 Nbd7 6. 0-0 e5 7. h3 Bh5 8. Be3 Be7 9. Nd2 Bxe2 10. Qxe2 b5 11. f4 b4 12. Nd1 0-0 13. dxe5 dxe5 14. f5 Bc5 15. Kh2 Qb6 16. g4 h6 17. h4 Bxe3 18. Nxe3 Qxe3 19. Qg2 Nxg4+ 20. Qxg4 Qxd2+ 21. Kh1 Nf6 22. Qg1 Qxc2 23. Rae1 h5 24. Rf2 Qd3 25. Rg2 Qh3+ 26. Rh2 Qf3+ 0-1

[Event "Lvov Winter Cup"]
[Site "Lvov"]
[Date "2016.02.05"]
[Round "2"]
[White "Buturin, Vladimir"]
[Black "Voloshinsky, Liubomir"]
[Result "1/2-1/2"]
[WhiteElo "2181"]
[BlackElo "1842"]
[PlyCount "57"]
[EventDate "2016.02.05"]
[EventType "swiss"]
[EventRounds "7"]
[EventCountry "UKR"]
[SourceTitle "EXT 2017"]
[Source "ChessBase"]
[SourceDate "2016.10.25"]
[SourceVersion "1"]
[SourceVersionDate "2016.10.25"]
[SourceQuality "1"]

1. Nf3 Nf6 2. g3 g6 3. Bg2 Bg7 4. 0-0 0-0 5. c4 d5 6. cxd5 Nxd5 7. d4 Nb6 8. Nc3 N8d7 9. e4 c6 10. Qe2 e5 11. Be3 Qe7 12. a4 exd4 13. Bxd4 Bxd4 14. Nxd4 a5 15. Nc2 Nc5 16. Ne3 Be6 17. f4 Rad8 18. f5 Bb3 19. Ng4 Bc4 20. Qe3 Bxf1 21. f6 Qd7 22. Nh6+ Kh8 23. Qxc5 Bxg2 24. Rd1 Qe6 25. Rxd8 Rxd8 26. Qxb6 Rd2 27. Qc5 Rd8 28. Kxg2 Qxf6 29. Qe3 1/2-1/2

[Event "Lvov Privalov Memorial"]
[Site "Lvov"]
[Date "2014.10.31"]
[Round "6"]
[White "Shkuran, Danylo"]
[Black "Buturin, Vladimir"]
[Result "1-0"]
[WhiteElo "2377"]
[BlackElo "2177"]
[PlyCount "117"]
[EventDate "2014.10.28"]
[EventType "tourn"]
[EventRounds "9"]
[EventCountry "UKR"]
[SourceTitle "EXT 2015"]
[Source "ChessBase"]
[SourceDate "2014.11.20"]
[SourceVersion "1"]
[SourceVersionDate "2014.11.20"]
[SourceQuality "1"]

1. e4 e5 2. Nf3 d6 3. d4 Nf6 4. Nc3 Nbd7 5. Bc4 Be7 6. 0-0 0-0 7. a4 a5 8. Re1 c6 9. h3 Nb6 10. Ba2 Nfd7 11. Be3 exd4 12. Bxd4 Nc5 13. Bxc5 dxc5 14. Ne5 Qc7 15. Qh5 Be6 16. Bxe6 fxe6 17. Nd3 c4 18. Qe5 Qxe5 19. Nxe5 Rad8 20. Nf3 Rd7 21. Ne2 Bc5 22. b3 h6 23. Red1 g5 24. Rxd7 Nxd7 25. Rd1 Rf7 26. Ng3 Bb6 27. Rb1 Bc5 28. e5 cxb3 29. cxb3 Nb6 30. Ne4 Be7 31. Nd4 Nd7 32. Nxe6 Nxe5 33. Rd1 Rf5 34. f3 b6 35. Kf2 Rf7 36. Ke3 Rh7 37. g3 Kf7 38. Nd4 c5 39. Nb5 Rh8 40. f4 gxf4+ 41. gxf4 Nc6 42. Rd7 Rd8 43. Rb7 Nb4 44. Nbd6+ Kf8 45. Nf5 Nd5+ 46. Kf3 Rc8 47. Rd7 Rd8 48. Rxd8+ Bxd8 49. Nxh6 Ne7 50. Nd6 Nc6 51. Nhf5 Ne7 52. Nxe7 Kxe7 53. Nc4 Kd7 54. Ke4 Kc6 55. Ne5+ Kc7 56. Kd5 Bh4 57. f5 Bg5 58. Nf3 Kd7 59. Nxg5 1-0

[Event "Lvov Maksym Yusupov Memorial 1st"]
[Site "Lvov"]
[Date "2013.02.03"]
[Round "5"]
[White "Buturin, Vladimir"]
[Black "Nester, Ihor"]
[Result "1-0"]
[WhiteElo "2218"]
[BlackElo "2328"]
[PlyCount "77"]
[EventDate "2013.02.01"]
[EventType "tourn"]
[EventRounds "9"]
[EventCountry "UKR"]
[SourceTitle "CBM 152 Extra"]
[Source "ChessBase"]
[SourceDate "2013.02.25"]
[SourceVersion "1"]
[SourceVersionDate "2013.02.25"]
[SourceQuality "1"]

1. Nf3 Nf6 2. g3 b6 3. Bg2 Bb7 4. 0-0 e6 5. d3 Be7 6. e4 d6 7. Nbd2 0-0 8. Qe2 c5 9. c3 Nc6 10. Re1 Nd7 11. a3 Bf6 12. Nb3 a5 13. a4 Ba6 14. Bf4 Nde5 15. Bxe5 Bxe5 16. Qd1 Bf6 17. d4 cxd4 18. Nbxd4 Rc8 19. Nxc6 Rxc6 20. Bf1 Bxf1 21. Kxf1 Qc7 22. Qd3 Rd8 23. Kg1 h6 24. Re2 Bxc3 25. Rd1 Bf6 26. Red2 Rc4 27. Qe2 Qc6 28. e5 Re4 29. Qd3 Bxe5 30. Rc2 Qxa4 31. Rdc1 d5 32. Rc8 Qd7 33. Qa6 Rxc8 34. Rxc8+ Kh7 35. Qa8 Bf6 36. Rh8+ Kg6 37. Qg8 Kf5 38. Qh7+ g6 39. Rf8 1-0

[Event "Lvov Euro op 1st"]
[Site "Lvov"]
[Date "2012.05.31"]
[Round "6"]
[White "Matviyishen, Viktor"]
[Black "Buturin, Vladimir"]
[Result "1-0"]
[WhiteElo "1848"]
[BlackElo "2274"]
[PlyCount "111"]
[EventDate "2012.05.28"]
[EventType "swiss"]
[EventRounds "9"]
[EventCountry "UKR"]
[SourceTitle "CBM 148 Extra"]
[Source "ChessBase"]
[SourceDate "2012.06.22"]
[SourceVersion "1"]
[SourceVersionDate "2012.06.22"]
[SourceQuality "1"]

1. e4 c5 2. Nf3 Nc6 3. d4 cxd4 4. Nxd4 g6 5. c4 Bg7 6. Be3 d6 7. Qd2 Nxd4 8. Bxd4 Nf6 9. Nc3 0-0 10. Be2 Qa5 11. f3 Be6 12. 0-0 Rfc8 13. b3 a6 14. Rfd1 Qd8 15. Rac1 Rab8 16. Ba7 Ra8 17. Be3 Qf8 18. Nd5 Nd7 19. f4 Qd8 20. Rf1 f6 21. f5 Bf7 22. fxg6 hxg6 23. Bg4 e6 24. Nf4 Qe7 25. h4 Ne5 26. Bh3 Rd8 27. Bb6 Rd7 28. Be3 g5 29. hxg5 fxg5 30. Nd5 exd5 31. Bxg5 Qe8 32. Bxd7 Qxd7 33. exd5 Bg6 34. Bf6 Re8 35. Rc3 Qg4 36. Bxg7 Kxg7 37. Qf2 Qg5 38. Rg3 Qe7 39. Rh3 Nf7 40. Rg3 Rh8 41. Re3 Qg5 42. Re6 Rh5 43. Rf6 Ne5 44. Rxd6 Bf5 45. Qf4 Qxf4 46. Rxf4 Rg5 47. Rb6 Ng6 48. Rxb7+ Kf6 49. Rf2 Ke5 50. Rb6 Nf4 51. Rd2 Be4 52. Kf1 Bxg2+ 53. Ke1 Be4 54. Rh2 Kd4 55. Kd2 Rg1 56. Rh4 1-0

[Event "Lvov Lion Cup"]
[Site "Lvov"]
[Date "2011.09.01"]
[Round "2"]
[White "Badik, Maksym"]
[Black "Buturin, Vladimir"]
[Result "0-1"]
[WhiteElo "1913"]
[BlackElo "2285"]
[PlyCount "116"]
[EventDate "2011.08.31"]
[EventType "swiss"]
[EventRounds "9"]
[EventCountry "UKR"]
[SourceTitle "CBM 144 Extra"]
[Source "ChessBase"]
[SourceDate "2011.10.28"]
[SourceVersion "1"]
[SourceVersionDate "2011.10.28"]
[SourceQuality "1"]

1. e4 Nc6 2. d4 d5 3. exd5 Qxd5 4. Be3 e5 5. dxe5 Qxd1+ 6. Kxd1 Nxe5 7. Nc3 Bf5 8. Bb5+ c6 9. Ba4 Nc4 10. Bb3 Nxe3+ 11. fxe3 Nf6 12. Nf3 Bb4 13. Ne5 Ke7 14. Rf1 Bxc3 15. bxc3 Be6 16. Ke2 Rhf8 17. Rf4 Kd6 18. Nf3 Bd5 19. Nd4 Be4 20. Rd1 Kc7 21. g4 Bg6 22. g5 Bh5+ 23. Nf3 Nd7 24. Rh4 g6 25. Re4 Rae8 26. Rf4 Ne5 27. Rf1 Nxf3 28. R1xf3 Re5 29. h4 Rf5 30. Kf2 Bxf3 31. Rxf5 gxf5 32. Kxf3 f6 33. Kf4 fxg5+ 34. Kxg5 Kd6 35. h5 Ke5 36. Kh6 Ke4 37. Kxh7 Kxe3 38. Kg7 Rd8 39. h6 Rd1 40. h7 Rg1+ 41. Kf6 Rh1 42. Kg7 f4 43. Bc4 Kd2 44. h8Q Rxh8 45. Kxh8 f3 46. Kg7 f2 47. Kf6 Kxc3 48. Bd3 c5 49. Ke5 c4 50. Bf1 b5 51. Ke4 Kxc2 52. Ke3 Kb2 53. Kxf2 c3 54. Bd3 c2 55. Bxc2 Kxc2 56. Ke3 b4 57. Kd4 a5 58. Kc4 Kb2 0-1

[Event "Lvov Lion Cup"]
[Site "Lvov"]
[Date "2011.08.31"]
[Round "1"]
[White "Buturin, Vladimir"]
[Black "Rastropin, Yuriy"]
[Result "1-0"]
[WhiteElo "2285"]
[BlackElo "1630"]
[PlyCount "57"]
[EventDate "2011.08.31"]
[EventType "swiss"]
[EventRounds "9"]
[EventCountry "UKR"]
[SourceTitle "CBM 144 Extra"]
[Source "ChessBase"]
[SourceDate "2011.10.28"]
[SourceVersion "1"]
[SourceVersionDate "2011.10.28"]
[SourceQuality "1"]

1. e4 c5 2. Nf3 d6 3. c3 Nf6 4. h3 Nc6 5. Bd3 d5 6. e5 Nd7 7. Qe2 d4 8. 0-0 a6 9. e6 fxe6 10. Nxd4 Nde5 11. Nxc6 bxc6 12. Qh5+ Nf7 13. Be4 Qd6 14. d4 cxd4 15. Bf4 Qd7 16. cxd4 g6 17. Qf3 Bb7 18. Nc3 Bg7 19. Na4 Bxd4 20. Rad1 0-0 21. Nc5 Qc8 22. Rxd4 e5 23. Rd7 exf4 24. Rxb7 Nd6 25. Rxe7 Rb8 26. Rd1 Nxe4 27. Qxe4 Qf5 28. Rdd7 Qxe4 29. Rg7+ 1-0

[Event "UKR-ch sf"]
[Site "Alushta"]
[Date "2011.05.06"]
[Round "4"]
[White "Buturin, Vladimir"]
[Black "Linker, Mikhail"]
[Result "1/2-1/2"]
[WhiteElo "2311"]
[BlackElo "2141"]
[PlyCount "161"]
[EventDate "2011.05.03"]
[EventType "swiss"]
[EventRounds "9"]
[EventCountry "UKR"]
[SourceTitle "CBM 142 Extra"]
[Source "ChessBase"]
[SourceDate "2011.06.27"]
[SourceVersion "1"]
[SourceVersionDate "2011.06.27"]
[SourceQuality "1"]

1. d4 Nf6 2. Nf3 e6 3. g3 b6 4. Bg2 Bb7 5. 0-0 c5 6. c4 cxd4 7. Qxd4 Bc5 8. Qh4 0-0 9. Nc3 Be7 10. Qf4 d6 11. b3 a6 12. Rd1 Nbd7 13. e4 Qc7 14. Bb2 Rac8 15. Qe3 Qb8 16. Qe2 Rfe8 17. Rac1 Bf8 18. Ba3 Nc5 19. Bxc5 Rxc5 20. Na4 Rc7 21. Nxb6 Bxe4 22. Na4 Rec8 23. Bf1 Ba8 24. Ra1 d5 25. cxd5 Nxd5 26. Nd4 Nb4 27. Bg2 Bxg2 28. Kxg2 Qb7+ 29. Qf3 Qxf3+ 30. Kxf3 e5 31. Nf5 Nc2 32. Rab1 Rc6 33. g4 g6 34. Ne3 Nxe3 35. fxe3 Rf6+ 36. Ke4 Rf2 37. Nb6 f5+ 38. gxf5 gxf5+ 39. Kxe5 Re8+ 40. Kd4 Rxa2 41. h3 Bg7+ 42. Kc5 Rxe3 43. Rd8+ Bf8+ 44. Kc6 Kf7 45. Rf1 Re6+ 46. Kb7 Ra5 47. Nd5 Rb5+ 48. Ka8 Re5 49. Nc7 Rxb3 50. Rd7+ Be7 51. h4 a5 52. h5 a4 53. Nd5 Rb5 54. Nc7 Rb6 55. Nd5 Rb5 56. Nc7 Rb3 57. Nd5 h6 58. Nxe7 Ra5+ 59. Ra7 Rxa7+ 60. Kxa7 Kxe7 61. Rxf5 a3 62. Ra5 Kf6 63. Ka6 Ke7 64. Ka7 Kd7 65. Ra6 Rb5 66. Rxa3 Rxh5 67. Re3 Rb5 68. Ka6 Rg5 69. Kb6 Kd6 70. Rh3 h5 71. Rh4 Rd5 72. Rh1 Ke6 73. Kc6 Re5 74. Rh2 Ra5 75. Rh1 Kf6 76. Kd6 Kg6 77. Ke6 Ra4 78. Ke5 Kg5 79. Rg1+ Kh4 80. Kf5 Ra3 81. Kf4 1/2-1/2

[Event "Lvov April Meets"]
[Site "Lvov"]
[Date "2011.04.08"]
[Round "8"]
[White "Buturin, Vladimir"]
[Black "Badik, Maksym"]
[Result "0-1"]
[WhiteElo "2311"]
[BlackElo "1875"]
[PlyCount "91"]
[EventDate "2011.04.04"]
[EventType "tourn"]
[EventRounds "10"]
[EventCountry "UKR"]
[SourceTitle "CBM 141 Extra"]
[Source "ChessBase"]
[SourceDate "2011.05.03"]
[SourceVersion "1"]
[SourceVersionDate "2011.05.03"]
[SourceQuality "1"]

1. c4 e6 2. Nf3 Nf6 3. g3 d5 4. Bg2 c6 5. b3 Bd6 6. Bb2 Nbd7 7. 0-0 0-0 8. d4 b6 9. Nc3 Ba6 10. Nd2 Rc8 11. e4 dxe4 12. Ndxe4 Be7 13. Re1 b5 14. d5 cxd5 15. cxd5 b4 16. d6 bxc3 17. Nxc3 Nc5 18. dxe7 Qxe7 19. Ba3 Rfd8 20. Qf3 Rd3 21. Re3 Qd7 22. Bxc5 Rxc5 23. Rxd3 Bxd3 24. Na4 Rd5 25. Qe3 Ng4 26. Qf4 e5 27. Qb4 Rb5 28. Qd2 f5 29. Rc1 Qd4 30. h3 Nf6 31. Rc8+ Kf7 32. Rc7+ Kg6 33. Nc3 Rb8 34. Rc6 Rd8 35. Kh2 Kf7 36. a4 Be4 37. Nxe4 Nxe4 38. Qxd4 exd4 39. Rc7+ Kf6 40. Rxa7 d3 41. Bf3 d2 42. a5 d1Q 43. Bxd1 Rxd1 44. a6 Rd8 45. Rb7 Nc5 46. Rb6+ 0-1

[Event "Lvov April Meets"]
[Site "Lvov"]
[Date "2011.04.05"]
[Round "3"]
[White "Badik, Maksym"]
[Black "Buturin, Vladimir"]
[Result "1/2-1/2"]
[WhiteElo "1875"]
[BlackElo "2311"]
[PlyCount "113"]
[EventDate "2011.04.04"]
[EventType "tourn"]
[EventRounds "10"]
[EventCountry "UKR"]
[SourceTitle "CBM 141 Extra"]
[Source "ChessBase"]
[SourceDate "2011.05.03"]
[SourceVersion "1"]
[SourceVersionDate "2011.05.03"]
[SourceQuality "1"]

1. e4 Nc6 2. d4 d5 3. e5 Bf5 4. c3 e6 5. Bd3 Nge7 6. Nf3 f6 7. Bf4 Bxd3 8. Qxd3 Ng6 9. Bg3 fxe5 10. Nxe5 Ncxe5 11. Bxe5 Nxe5 12. dxe5 Qd7 13. Nd2 Bc5 14. Nb3 Bb6 15. 0-0 0-0 16. c4 Qe7 17. Rac1 dxc4 18. Qxc4 Rad8 19. a4 a5 20. Qe2 Rxf2 21. Rxf2 Rf8 22. Rcf1 Qb4 23. Qb5 Rxf2 24. Qxb4 Rxf1+ 25. Kxf1 axb4 26. Ke2 Kf7 27. Kd3 Bg1 28. h3 b6 29. Kc4 Ke7 30. Nd2 Be3 31. Nf3 c5 32. Ne1 Kd7 33. Kb5 Kc7 34. b3 h6 35. g4 g5 36. Nd3 Bd4 37. Kc4 Ba1 38. a5 Kc6 39. axb6 Kxb6 40. Nxc5 Kc6 41. Nd3 Kd7 42. Kxb4 Bd4 43. Kc4 Be3 44. b4 Kc6 45. Nc5 Bf4 46. Kd4 Kb5 47. Nxe6 Bd2 48. Ng7 Bxb4 49. Nf5 Kc6 50. Nxh6 Kd7 51. Kd5 Ke7 52. Nf5+ Kf7 53. e6+ Kf6 54. h4 gxh4 55. Nxh4 Kg5 56. Nf5 Kf6 57. Ne3 1/2-1/2

[Event "Lvov Winter Cup"]
[Site "Lvov"]
[Date "2011.01.30"]
[Round "8"]
[White "Timushev, Alexander"]
[Black "Buturin, Vladimir"]
[Result "0-1"]
[WhiteElo "2110"]
[BlackElo "2311"]
[PlyCount "82"]
[EventDate "2011.01.28"]
[EventType "swiss"]
[EventRounds "9"]
[EventCountry "UKR"]
[SourceTitle "CBM 140 Extra"]
[Source "ChessBase"]
[SourceDate "2011.03.01"]
[SourceVersion "1"]
[SourceVersionDate "2011.03.01"]
[SourceQuality "1"]

1. c4 d6 2. g3 g6 3. Bg2 Bg7 4. Nc3 e5 5. d3 f5 6. Nf3 Nf6 7. Bg5 h6 8. Bd2 Nc6 9. Nh4 Ne7 10. Qb3 c6 11. 0-0-0 g5 12. Nf3 Qc7 13. e4 fxe4 14. dxe4 Be6 15. Be3 0-0 16. Qa3 Rfd8 17. h3 Bxc4 18. Nd2 Bf7 19. f4 exf4 20. gxf4 gxf4 21. Bxf4 Ng6 22. Bg3 Nh5 23. Bh2 Nhf4 24. Bf1 b5 25. Kb1 Qe7 26. Ne2 b4 27. Qa4 Nd3 28. Qc2 Nf2 29. Bg2 Nh4 30. Rhg1 Nxd1 31. Qxd1 Qf6 32. Qc2 Nxg2 33. Rxg2 a5 34. Nf4 a4 35. Nc4 a3 36. Qd3 axb2 37. Rxb2 d5 38. exd5 cxd5 39. Nxd5 Rxd5 40. Be5 Rxe5 41. Nxe5 Qxe5 0-1

[Event "Lvov Winter Cup"]
[Site "Lvov"]
[Date "2011.01.29"]
[Round "6"]
[White "Sumin, Vladyslav"]
[Black "Buturin, Vladimir"]
[Result "0-1"]
[WhiteElo "1859"]
[BlackElo "2311"]
[PlyCount "79"]
[EventDate "2011.01.28"]
[EventType "swiss"]
[EventRounds "9"]
[EventCountry "UKR"]
[SourceTitle "CBM 140 Extra"]
[Source "ChessBase"]
[SourceDate "2011.03.01"]
[SourceVersion "1"]
[SourceVersionDate "2011.03.01"]
[SourceQuality "1"]

1. d4 d6 2. c4 Nf6 3. Nf3 Nbd7 4. Nc3 c6 5. e4 e5 6. Be2 Be7 7. 0-0 a6 8. Bg5 h6 9. Bh4 0-0 10. Qc2 Nh5 11. Bxe7 Qxe7 12. dxe5 dxe5 13. g3 Nhf6 14. Nh4 g6 15. Rfd1 Kg7 16. a3 a5 17. Rab1 a4 18. Nxa4 Nxe4 19. Qxe4 Rxa4 20. Qc2 Ra8 21. Bd3 Qf6 22. c5 Re8 23. Be4 Ra5 24. b4 Rxa3 25. Rd6 Re6 26. Rxe6 Qxe6 27. Rd1 Nf8 28. f4 Qb3 29. fxe5 Qxb4 30. Bg2 Rc3 31. Qd2 Qxc5+ 32. Kh1 Bg4 33. Re1 g5 34. Qd8 Rc1 35. Qf6+ Kg8 36. Rf1 Rxf1+ 37. Bxf1 Qd5+ 38. Ng2 Ne6 39. Qe7 Qd1 40. Kg1 0-1

[Event "Lvov-ch"]
[Site "Lvov"]
[Date "2010.01.24"]
[Round "7"]
[White "Nester, Ihor"]
[Black "Buturin, Vladimir"]
[Result "1-0"]
[WhiteElo "2352"]
[BlackElo "2298"]
[PlyCount "39"]
[EventDate "2010.01.20"]
[EventType "tourn"]
[EventRounds "13"]
[EventCountry "UKR"]
[EventCategory "1"]
[SourceTitle "CBM 134 Extra"]
[Source "ChessBase"]
[SourceDate "2010.03.03"]
[SourceVersion "1"]
[SourceVersionDate "2010.03.03"]
[SourceQuality "1"]

1. Nf3 d5 2. d4 Nf6 3. c4 c6 4. Nc3 a6 5. cxd5 cxd5 6. Bf4 Nc6 7. Rc1 Bf5 8. e3 Qb6 9. Bd3 Bxd3 10. Qxd3 Qxb2 11. 0-0 Qa3 12. Qb1 Nb4 13. e4 dxe4 14. Nxe4 Nfd5 15. Rfe1 e6 16. Nd6+ Bxd6 17. Bxd6 Rd8 18. Ne5 a5 19. Qe4 Nc3 20. Qf3 1-0

[Event "Lvov-ch"]
[Site "Lvov"]
[Date "2010.01.23"]
[Round "5"]
[White "Matseyko, Maxim"]
[Black "Buturin, Vladimir"]
[Result "1/2-1/2"]
[WhiteElo "2120"]
[BlackElo "2298"]
[PlyCount "139"]
[EventDate "2010.01.20"]
[EventType "tourn"]
[EventRounds "13"]
[EventCountry "UKR"]
[EventCategory "1"]
[SourceTitle "CBM 134 Extra"]
[Source "ChessBase"]
[SourceDate "2010.03.03"]
[SourceVersion "1"]
[SourceVersionDate "2010.03.03"]
[SourceQuality "1"]

1. e4 Nc6 2. Nf3 e5 3. Nc3 Bc5 4. Nxe5 Nxe5 5. d4 Bd6 6. dxe5 Bxe5 7. f4 Bxc3+ 8. bxc3 Qe7 9. Qd4 Nf6 10. Bd3 d6 11. 0-0 c5 12. Qf2 Bd7 13. Bd2 c4 14. Bxc4 Nxe4 15. Qd4 f5 16. Rad1 Bc6 17. Bc1 h5 18. Ba3 Rh6 19. Rfe1 Kd7 20. Bd5 Qf6 21. Bxc6+ bxc6 22. Qb4 Rc8 23. Qa5 Rc7 24. Rxe4 fxe4 25. Rxd6+ Qxd6 26. Bxd6 Rxd6 27. Kf2 Re6 28. Ke3 Rb7 29. Qxh5 Rb2 30. Qa5 Rb7 31. g4 Re7 32. h4 Rb1 33. f5 Re1+ 34. Kf2 Rd1 35. Ke2 Rc1 36. Kd2 Rh1 37. Qxa7+ Ke8 38. Qe3 Rh2+ 39. Kc1 Rxh4 40. a4 Rxg4 41. a5 Kf7 42. a6 Rh4 43. Kb2 Rh8 44. Kc1 Ra8 45. Qe2 e3 46. Qc4+ Kf8 47. Qxc6 Raa7 48. f6 gxf6 49. Qxf6+ Ke8 50. Qc6+ Kd8 51. Qd6+ Ke8 52. Qc6+ Kf7 53. Qd5+ Kg6 54. Qd6+ Kf5 55. Qd5+ Kf4 56. Qd6+ Ke4 57. Qc6+ Ke5 58. Kd1 Rac7 59. Qb5+ Kf6 60. Ke2 Rcd7 61. Qc6+ Kg7 62. Qg2+ Kf8 63. Qf3+ Kg8 64. Qg4+ Kf8 65. Qf5+ Ke8 66. Qg6+ Kd8 67. Qb6+ Kc8 68. Qc6+ Kb8 69. Qb6+ Kc8 70. Qc6+ 1/2-1/2